| 000 | 00670cam a2200229 a 4500 | ||
|---|---|---|---|
| 001 | 000011894 | ||
| 003 | DO-SdBNP | ||
| 005 | 20260209080119.0 | ||
| 008 | 840302s1969 sp 000 0 spa | ||
| 040 |
_aDO-SdBNP _cCarP _dDLC |
||
| 049 | _aBNGR | ||
| 082 |
_a468.1 _bM672ó, 1969 |
||
| 100 | 1 |
_aMiranda Podadera, Luis. _928126 |
|
| 245 | 1 | 0 | _aOrtografía práctica de la lengua española con nociones de Paleografía. |
| 250 | _a35a ed. | ||
| 260 |
_aMadrid, : _bLibrería y Casa Editorial Hernando, _c1969. |
||
| 300 |
_a416 p. ; _c20 cm. |
||
| 650 | 0 |
_aEspañol _95058 |
|
| 650 | 4 |
_aOrtografía _928068 |
|
| 910 | _aCatalogación derivada | ||
| 942 |
_2ddc _cLBS1 |
||
| 999 |
_c11564 _d11564 |
||